| 000 | 00585 a2200169 4500 | ||
|---|---|---|---|
| 999 |
_c7195 _d7195 |
||
| 020 | _a9780230623453 | ||
| 050 | _aHQ1075.5 GEN 2011 | ||
| 100 | _aOyewumi, Oyeronke (editor) | ||
| 245 |
_aGender epistemologies in Africa: _bGendering traditions, Spaces, Social institutions and Identities / _cedited by Oyeronke Oyewumi |
||
| 264 |
_aNew York: _bPalgrave Macmillan; _c2011. |
||
| 300 | _axi, 244p. ; | ||
| 500 | _aIncludes index. | ||
| 650 |
_aAfrica _xGender epistemologies |
||
| 650 | _xwomen and leadership | ||
| 700 |
_aOyewumi, Oyeronke _eeditor |
||
| 942 |
_2lcc _cBK _h1075.5 _iGEN _kHQ |
||